000 00580nam a2200205Ia 4500
001 254
005 20251205092024.0
008 251203t1997||||xx |||||||||||||| ||spa||
041 _aESP
082 _a869.5
_bN55 T. 1
100 _aNieves y Bustamante, María,
_cAUT
245 0 _aJorge o El hijo del pueblo :
_bTomo 1
260 _aArequipa :
_bUniversidad Nacional de San Agustín,
_c1997
300 _a371 páginas :
_b
_c 21 cm.
440 _a(Unsalibros El Pueblo ; número 2)
650 _aLYR
653 _aLiteratura peruana
654 _aCTP
942 _cLIB
_dJUS
_fMAT
_2ddc
999 _c254
_d254